ARRUPE JESUIT UNIVERSITY

CORONAVIRUS -STOP THE SPREAD - CLEAN,DISINFECT,COVER

Anticipating balance of payments crises : (Record no. 127851)

MARC details
000 -LEADER
fixed length control field 01265cam a2200313 a 4500
001 - CONTROL NUMBER
control field 12006383
003 - CONTROL NUMBER IDENTIFIER
control field ARRUPE
005 - DATE AND TIME OF LATEST TRANSACTION
control field 20180404113111.0
008 - FIXED-LENGTH DATA ELEMENTS--GENERAL INFORMATION
fixed length control field 000513s1999 dcua b i000 0 eng d
010 ## - LIBRARY OF CONGRESS CONTROL NUMBER
LC control number 00267035
020 ## - INTERNATIONAL STANDARD BOOK NUMBER
International Standard Book Number 155775828X
035 ## - SYSTEM CONTROL NUMBER
System control number (OCoLC)ocm43916335
040 ## - CATALOGING SOURCE
Original cataloging agency DJB
Transcribing agency DJB
Modifying agency DLC
042 ## - AUTHENTICATION CODE
Authentication code lccopycat
043 ## - GEOGRAPHIC AREA CODE
Geographic area code d------
050 00 - LIBRARY OF CONGRESS CALL NUMBER
Classification number HG3890
Item number .A57 1998
300 ## - PHYSICAL DESCRIPTION
Other physical details ill. ;
Dimensions 28 cm.
100 ## - MAIN ENTRY--PERSONAL NAME
Personal name Berg, Andrew
9 (RLIN) 41257
245 00 - TITLE STATEMENT
Title Anticipating balance of payments crises :
Remainder of title the role of early warning systems /
Statement of responsibility, etc Andrew Berg ... [et al.].
260 ## - PUBLICATION, DISTRIBUTION, ETC. (IMPRINT)
Place of publication, distribution, etc Washington, DC :
Name of publisher, distributor, etc International Monetary Fund,
Date of publication, distribution, etc 1999.
300 ## - PHYSICAL DESCRIPTION
Extent v, 34 p. :
490 1# - SERIES STATEMENT
Series statement Occasional paper,
International Standard Serial Number 0251-6365 ;
Volume number/sequential designation 186
504 ## - BIBLIOGRAPHY, ETC. NOTE
Bibliography, etc Includes bibliographical references (p. 30-32).
650 #0 - SUBJECT ADDED ENTRY--TOPICAL TERM
Topical term or geographic name as entry element Balance of payments
Geographic subdivision Developing countries.
9 (RLIN) 41258
650 #0 - SUBJECT ADDED ENTRY--TOPICAL TERM
Topical term or geographic name as entry element Currency question
Geographic subdivision Developing countries.
9 (RLIN) 41259
650 #0 - SUBJECT ADDED ENTRY--TOPICAL TERM
Topical term or geographic name as entry element Financial crises
Geographic subdivision Developing countries.
9 (RLIN) 41260
700 1# - ADDED ENTRY--PERSONAL NAME
Personal name Berg, Andrew.
9 (RLIN) 41261
710 2# - ADDED ENTRY--CORPORATE NAME
Corporate name or jurisdiction name as entry element International Monetary Fund.
9 (RLIN) 26656
830 #0 - SERIES ADDED ENTRY--UNIFORM TITLE
Uniform title Occasional paper (International Monetary Fund) ;
Volume number/sequential designation no. 186.
9 (RLIN) 41262
906 ## - LOCAL DATA ELEMENT F, LDF (RLIN)
a 7
b cbc
c copycat
d 2
e ncip
f 20
g y-gencatlg
942 ## - ADDED ENTRY ELEMENTS (KOHA)
Source of classification or shelving scheme Library of Congress Classification
Koha item type Monograph ( Printed materials)
Holdings
Withdrawn status Lost status Source of classification or shelving scheme Damaged status Not for loan Collection code Home library Current library Shelving location Date acquired Total Checkouts Full call number Barcode Date last seen Price effective from Koha item type
    Library of Congress Classification     Main Collection ARRUPE LIBRARY ARRUPE LIBRARY Main Collection 04/04/2018   HG3890 .A57 1998 46600001692 04/04/2018 04/04/2018 Monograph ( Printed materials)

 

Arrupe Library. PO Box MP320 Mt Pleasant, Harare, Zimbabwe
263 242 745411|librarian@aju.ac.zw